000 00389pab a2200157 454500
008 180718b2003 xxu||||| |||| 00| 0 eng d
100 _aSen, Biswajit
245 _aWhy third sector? Case study of a tribal block in Orissa
260 _c2003
300 _ap.40-45.
362 _aJan
650 _aTribes - India - Orissa
650 _aTribes
773 _aKurukshetra
909 _a55083
999 _c55083
_d55083